Les 20 villes les plus peuplées de la Moselle sur une carte - Statistiques

Statistiques générales
  • Ce quiz a été pris 82 fois
  • Le résultat moyen est 13 sur 20
Réponses sur la Carte
Les réponses sont colorées sur une échelle allant du rouge au vert en fonction du pourcentage des utilisateurs qui les ont devinées à leur premier essai. Vous pouvez retrouver ces pourcentages ci-dessous.
 
Statistiques - réponses
Population Ville % Correct
121 695 Metz
100%
42 778 Thionville
92%
21 111 Forbach
83%
12 274 Sarrebourg
82%
20 324 Sarreguemines
79%
21 869 Montigny-lès-Metz
76%
14 394 Woippy
72%
16 013 Hayange
69%
14 828 Saint-Avold
67%
17 497 Yutz
65%
10 853 Amnéville
63%
11 891 Florange
56%
13 069 Freyming-Merlebach
50%
9 300 Hagondange
47%
9 937 Marly
47%
14 759 Fameck
46%
11 725 Maizières-lès-Metz
46%
12 389 Creutzwald
44%
9 534 Rombas
42%
11 048 Stiring-Wendel
42%
Aucun quiz correspondant
Distribution des résultats
% des personnes avec chaque résultat
Percentile par nombre de réponses
Votre historique - résultats
Vous n’avez pas pris ce quiz